Wrestling Factions Members 2 - Statistics

General Stats
  • This quiz has been taken 35 times
  • The average score is 23 of 61
Answer Stats
Hint Answer % Correct
LWO (WWE) Rey Mysterio
95%
Nexus Wade Barrett
95%
CM Punk
86%
Santos Escobar
82%
David Otunga
77%
Justin Gabriel
73%
Brodie Lee Jr.
68%
Heath Slater
68%
Mr. Brodie Lee
68%
Dragon Lee
64%
Michael Tarver
64%
Zelina Vega
64%
Carlito
59%
Husky Harris
59%
The Flock Raven
59%
Daneil Bryan
55%
Kyle Fletcher
55%
Skip Sheffield
55%
The Dark Order Evil Uno
50%
John Cena
50%
Konosuke Takeshita
50%
Darren Young
45%
Joaquin Wilde
45%
Kazuchika Okada
45%
Mason Ryan
41%
Michael McGillicutty
41%
Will Ospreay
41%
Cruz Del Toro
36%
Don Callis Family Don Callis
36%
John Silver
36%
Mark Davis
36%
Josh Alexander
32%
Angel Garza
27%
Anna Jay
27%
Lance Archer
27%
Perry Saturn
27%
Stu Grayson
27%
Alan Angels
23%
Alex Reynolds
23%
Andrade El Idolo
23%
Brian Cage
23%
Humberto Carrillo
23%
Stevie Richards
23%
Billy Kidman
18%
Colt Cabana
18%
Preston Vance
18%
Rush
18%
Van Hammer
18%
El Clon
14%
Hechicero
14%
Lodi
14%
Riggs
14%
Rocky Romero
14%
Chris Kanyon
9%
Horace Hogan
9%
Powerhouse Hobbs
9%
Sammy Guevara
9%
Sick Boy
9%
Wardlow
9%
Reese
5%
Trent Baretta
5%
No matching quizzes found
Score Distribution
Percent of People with Each Score
Percentile by Number Answered
Your Score History
You have not taken this quiz